000 00793cam a22002412 4500
001 0000018842
005 20151217152136.0
008 100808s xx 000 0 eng d
020 _a0781744806 :
040 _aKABU
_cKABU
100 1 _aTaylor, Carol.
_@0000132386
245 1 0 _aFundamentals of nursing :
_bthe art and science of nursing care /
_cCarol Taylor, Carol Lillis, Priscilla LeMone.
250 _a5th ed.
260 _aPhiladelphia, PA :
_bWolters Kluwer,
_c2005.
300 _axi, 1555 p. +
_e1 CD-ROM.
650 0 _aNursing.
_@0000155852
650 0 _aEthics, Nursing.
_@0000178263
700 1 _aLillis, Carol.
_@0000178264
700 1 _aLeMone, Priscilla.
_@0000178265
852 1 _9p3500 KES
908 _a100808
950 _@1
999 _c8672
_d8672